| 000 | 00614nam a2200205Ia 4500 | ||
|---|---|---|---|
| 003 | OSt | ||
| 005 | 20200810132722.0 | ||
| 008 | 190216s9999||||xx |||||||||||||| ||und|| | ||
| 020 | _a9780070585485 | ||
| 020 | _a0070585482 | ||
| 040 | _coclc | ||
| 082 |
_a658.15 _bCHA/F |
||
| 100 |
_a Chandra, Prasanna _91069 |
||
| 245 | 0 |
_aFinancial Management : Theory and Practice / _cPrasanna Chandra |
|
| 250 | _a6th ed. | ||
| 260 |
_bTata Mcgrawhill Publishing Company, _aNew Delhi: _c2006. |
||
| 300 | _a1155p | ||
| 650 | _xFinancial Management | ||
| 942 |
_cBK _2ddc _h658.15 _iCHA/F _k658.15 _mCHA/F |
||
| 999 |
_c6968 _d6968 |
||